000 00582nam a2200181Ia 4500
008 090630s9999 xx 000 0 und d
082 _b1373
100 _aआपटे ह. ना.
245 _aसंगीत सती पिंगला.
_cआपटे ह. ना.
260 _bआंबेकर.
_c1964
300 _a73
600 _aआपटे ह. ना.
630 _aसंगीत सती पिंगला.
655 _aनाटक.
700 _aआपटे ह. ना.
730 _aसंगीत सती पिंगला.
942 _cBOOK
999 _c253229
_d253229